• 首页
  • 本馆介绍
  • 公告通知
  • 最新文献
  • 馆藏检索
  • 电子资源
  • 读者导购
  • 参考咨询
  • 我的图书馆
  • 登录
  • 详细信息显示
  • 放入我的书架
  • 预约/预借图书
  • 作者相关作品
  • 分类相关作品
  • 丛书相关作品
  • 出版社相关作品

书目信息

  • 表格格式
  • 工作单格式
  • 卡片格式
题名:
世界巨富的理财经
    
 
作者: ;赵萍萍 译 ;美国美林集团 , 法国凯捷顾问公司 著
分册:  
出版信息: 北京   中国人民大学出版社  2009
页数: 193页
开本: 25cm
丛书名:
单 册:
中图分类: F830.59
科图分类:
主题词: 投资--经验--世界 , 投资
电子资源:
ISBN: 978-7-300-10727-1
000 01231nam0 2200289 45
001 1032981296
005 20100408162352.76
010    @a978-7-300-10727-1@dCNY36.00
100    @a20100331d2009 em y0chiy0110 ea
101 1  @achi@ceng
102    @aCN@b110000
105    @ay z 000yy
106    @ar
200 1  @a世界巨富的理财经@AShi Jie Ju Fu De Li Cai Jing@f美国美林集团(Merrill Lynch),法国凯捷顾问公司(Capgemini)著@FMei Guo Mei Lin Ji Tuan (Merrill Lynch), Fa Guo Kai Jie Gu Wen Gong Si (Capgemini) Zhu@g赵萍萍译
210    @a北京@c中国人民大学出版社@d2009
215    @a193页@d25cm
300    @a湛庐财富汇 12
330    @a本书以层层深入的细致笔触,为读者展示出一个全面立体的财富世界。书中内容包括:富有人士的成功秘诀、全球财富管理市场的发展状况、行业趋势走向、日益复杂的投资组合、各种保值和增值策略等。
510 1  @aWealth: how the world's high-net-worth grow, sustain and manage their forunes@zeng
606 0  @a投资@x经验@y世界
606 0  @a投资
690    @aF830.59@v4
702  0 @a赵萍萍@AZhao Ping Ping@4译
711 02 @a美国美林集团@AMei Guo Mei Lin Ji Tuan@4著
711 02 @a法国凯捷顾问公司@AFa Guo Kai Jie Gu Wen Gong Si@4著
801  0 @aCN@bTANGWEI@c20100408
905    @b0587026-30@dF830.59@e162@f5
    
    世界巨富的理财经/美国美林集团(Merrill Lynch),法国凯捷顾问公司(Capgemini)著/赵萍萍译.-北京:中国人民大学出版社,2009
    193页;25cm
    湛庐财富汇 12
    
    ISBN 978-7-300-10727-1:CNY36.00
    本书以层层深入的细致笔触,为读者展示出一个全面立体的财富世界。书中内容包括:富有人士的成功秘诀、全球财富管理市场的发展状况、行业趋势走向、日益复杂的投资组合、各种保值和增值策略等。
●
相关链接 在E读中查询图书 在五车中查询图书 在当当中查询图书 在豆瓣中查询图书


正题名:世界巨富的理财经     索取号:F830.59/162         预约/预借

序号 登录号 条形码 馆藏地/架位号 状态 备注
1 0587026   205870262   第一样本阅览室/ [索取号:F830.59/162] 在馆    
2 0587027   205870271   第一借阅区/ [索取号:F830.59/162] 在馆    
3 0587028   205870280   第一借阅区/ [索取号:F830.59/162] 在馆    
4 0587029   205870299   第一借阅区/ [索取号:F830.59/162] 在馆    
5 0587030   205870306   第一借阅区/ [索取号:F830.59/162] 在馆    
唐山师范学院图书馆 欢迎您!
大连网信软件有限公司© 版权所有